Names Of Actors Quiz Stats

 Plays Quiz not verified by Sporcle

Score 0/10 Timer 07:00
0 Plays Today
% Correct
Johnny Depp
100%
Stan Lee
100%
Zac Efron
88.9%
Chris Pratt
77.8%
Joaquin Phoenix
77.8%
Millie Bobby Brown
66.7%
Tom Holland
66.7%
Ezra Miller
33.3%
Bella Thorne
22.2%
Dove Cameron
11.1%

You're not logged in!

Compare scores with friends on all Sporcle quizzes.
OR
Log In

Sporcle TV

Today on Sporcle TV


Watch our educational content, quiz creation guides, and fun videos on Sporcle TV.

Show Comments

Extras

Created Sep 18, 2019ReportNominate
Tags:Actor Quiz

Top Quizzes Today


Score Distribution

Your Account Isn't Verified!

In order to create a playlist on Sporcle, you need to verify the email address you used during registration. Go to your Sporcle Settings to finish the process.

Report this User

Report this user for behavior that violates our Community Guidelines.

Details: